Word Ladder: Digital Drink Quiz Stats

 Plays Quiz Updated Feb 6, 2018

Challenge
Share
Tweet
Embed
Score 0/30 Timer 03:00
7 Plays Today
Clue Word % Correct
Smiley ____ :-)•FACE•
96.6%
Jagger's genreROCK
92.6%
Spice standRACK
92.5%
InsufficiencyLACK
89.7%
Clothing decorationLACE
89%
Symbol of a companyLOGO
85.7%
Green Jedi master, he isYODA
84.3%
Wood cabin partsLOGS
83.6%
'Animal House' garbTOGA
82.4%
Mental and physical exerciseYOGA
82.3%
Fizzy fountain order•SODA•
82%
Ghana's neighborTOGO
81.1%
Harry Potter, e.g.•BOOK•
79.8%
Dark, aged beerBOCK
78.6%
Travel with a guideTOUR
77.8%
Clue Word % Correct
Crook's haulLOOT
77.2%
TV or ____tubeBOOB
76.6%
British' johnsLOOS
75.7%
Make fuzzy and unreadableBLUR
75%
The ____, 50s horror filmBLOB
73.9%
Mouth-puckeringSOUR
73.8%
Tattle or reveal a secretBLAB
72.8%
Golfer's prop•CLUB•
72.4%
Cruel remarkSLUR
71.4%
Loose fatty tissueFLAB
69.6%
Promote publiclyTOUT
67.1%
Clumsy clodhopperLOUT
64.7%
Kind of ____, Miles DavisBLUE
62.5%
Muff (when playing horn)FLUB
58.7%
*This is one of many*CLUE
58%

Today's Daily Dose

Word Ladder
Bruno Mars Song

Get the Picture
Japanese Cars

You're not logged in!

Compare scores with friends on all Sporcle quizzes.
OR
Log In

You Might Also Like...

Show Comments

Extras

Top Quizzes Today


Score Distribution

Your Account Isn't Verified!

In order to create a playlist on Sporcle, you need to verify the email address you used during registration. Go to your Sporcle Settings to finish the process.

Report this User

Report this user for behavior that violates our Community Guidelines.

Details: